| 000 | nam a22 a 4500 | ||
|---|---|---|---|
| 999 |
_c120489 _d120489 |
||
| 003 | BLK | ||
| 005 | 20220530080704.0 | ||
| 008 | 180409b bul|||||r ||||||| ||bul|| | ||
| 010 | _aKNG00126105000 | ||
| 040 | _aBLK | ||
| 041 |
_aBUL _cBUL |
||
| 072 | 7 |
_2bullib _aА _xФонд Михаил Арнаудов |
|
| 072 | 7 |
_2bullib _aЯ _xАвтографи |
|
| 080 |
_aТракийски племена и тракийска държава (V в. пр. н. е. -V в. от н. е. ) _b94(497.2)"-04/+04" _z94(497.2)"-04/+04" |
||
| 080 |
_aРелигия на древните траки. Подразделя се като 291 _b292(=919.885) _z292(=919.885) |
||
| 100 | 1 |
_aАндреев, Андрей Димитров _eпърви автор _9291565 |
|
| 139 |
_aАндреев, Андрей Димитров _bА 66 |
||
| 245 | 1 | 0 |
_aОрфей _bЖивотът и делото на един велик мъдрец и музикант _cАндрей Димитров Андреев. |
| 257 | _aBGR | ||
| 260 |
_aСевлиево _bБратство _c1940 _fЯмбол : Братство |
||
| 300 |
_a48 с. _bс ил. _c21 см |
||
| 380 | _a79 | ||
| 490 | 1 |
_aБиблиотека Наука и живот _v2 |
|
| 490 |
_aЧастна колекция - Академик Михаил Арнаудов _9396381 _gДарение - Основен фонд |
||
| 500 | _aФонд Михаил Арнаудов - Автограф с текст: На уважаемия г. проф. М. Арнаудов, А. Андреев. - Мека подв. | ||
| 650 | 4 |
_aТраки - история и култура _9266676 |
|
| 653 | _aОрфей | ||
| 653 | _aтраки | ||
| 653 | _aтракийско изкуство | ||
| 659 | _aА | ||
| 659 | _aЯ | ||
| 852 | _aЦб 37411 | ||
| 852 |
_aМА 1665 _bМА |
||
| 856 | 4 | _qpdf | |
| 856 | 4 | _qpdf | |
| 942 |
_cKNG _n0 _s1 |
||
| 944 |
_aCR _c19.10.2011 _l19.10.2011 - от С1,Р / 19.10.2011 _kВиолета_Тройчева |
||
| 944 |
_aED _c28.10.2016 _l19.10.2011 - от С1,Р / 19.10.2011 _kГеновева_Генчева |
||
| 999 | _d120489 | ||
| 999 | _d120489 | ||
| 999 | _d120489 | ||